<?xml version="1.0" encoding="UTF-8"?>
<collection xmlns="http://www.loc.gov/MARC21/slim">
 <record>
  <leader>06370nam a2200397 a 4500</leader>
  <controlfield tag="001">kal4388</controlfield>
  <controlfield tag="003">Gr-AtHEAL</controlfield>
  <controlfield tag="005">20160506105929.0</controlfield>
  <controlfield tag="006">m        d        </controlfield>
  <controlfield tag="008">160413s2015    gr      s           gre|c</controlfield>
  <datafield tag="020" ind1=" " ind2=" ">
   <subfield code="a">9789606031588</subfield>
  </datafield>
  <datafield tag="040" ind1=" " ind2=" ">
   <subfield code="a">GR-AtHEAL</subfield>
   <subfield code="b">gre</subfield>
   <subfield code="c">GR-AtHEAL</subfield>
  </datafield>
  <datafield tag="082" ind1="0" ind2="4">
   <subfield code="a">578.77</subfield>
   <subfield code="2">23</subfield>
  </datafield>
  <datafield tag="100" ind1="1" ind2=" ">
   <subfield code="a">Στάμου, Γεώργιος.</subfield>
   <subfield code="8">838</subfield>
  </datafield>
  <datafield tag="245" ind1="1" ind2="0">
   <subfield code="a">Δομή και δυναμική βιοκοινοτήτων</subfield>
   <subfield code="h">[Ηλεκτρονικός πόρος] </subfield>
   <subfield code="c">ΠΑΠΑΘΕΟΔΩΡΟΥ, ΕΥΦΗΜΙΑ ; Στάμου, Γεώργιος ; Παπαθεοδώρου, Ευφημία ; Κριτικός αναγνώστης,Δημητρακόπουλος, Παναγιώτης ; Τεχνική επιμέλεια,Καρακώστας, Αναστάσιος ; Γλωσσική επιμέλεια,Σαλτίδου, Θεοδώρα.</subfield>
  </datafield>
  <datafield tag="260" ind1=" " ind2=" ">
   <subfield code="a">Αθήνα :</subfield>
   <subfield code="b">Σύνδεσμος Ελληνικών Ακαδημαϊκών Βιβλιοθηκών,</subfield>
   <subfield code="c">c2015.</subfield>
  </datafield>
  <datafield tag="490" ind1=" " ind2=" ">
   <subfield code="a">Ακαδημαϊκά Ηλεκτρονικά Συγγράμματα και Βοηθήματα Κάλλιπος</subfield>
   <subfield code="8">40</subfield>
  </datafield>
  <datafield tag="520" ind1=" " ind2=" ">
   <subfield code="a">Το βιβλίο που τιτλοφορείται ‘Δομή και Δυναμική των Βιοκοινοτήτων’ θα επικεντρωθεί στους μηχανισμούς που διέπουν την οργάνωση των βιοκοινοτήτων στο χώρο και στο χρόνο καθώς και στη σημαντική επίδραση που ασκούν οι διαταραχές στη δυναμική τους. Βασικές διαδικασίες για την οργάνωση των βιοκοινοτήτων είναι η επιλογή ενδιαιτήματος και οικοθέσης εκ μέρους των ειδών που τις συγκροτούν ενώ οι σχέσεις μεταξύ των ειδών (ανταγωνιστικές, παρασιτικές, λείας-θηρευτή) καθορίζουν την οργάνωση της βιοκοινότητας σε τροφικά πλέγματα. Η ανάλυση του τροφικού πλέγματος μπορεί να γίνει και με τη δικτυακή ανάλυση όπου πέρα από τις μετρικές που περιγράφουν το πλέγμα ως όλο, υπάρχουν και μετρικές που περιγράφουν τη σημαντικότητα, κεντρικότητα , ενδιαμεσότητα των επιμέρους κόμβων (ειδών) του πλέγματος. Οι βιοκοινότητες μπορούν να αναλυθούν και σαν συστήματα ροών όταν κάθε τμήμα (πληθυσμός) του συστήματος μπορεί να περιγραφεί με βάση την είσοδο της ενέργειας σε αυτό, τη δέσμευση της στη βιομάζα του και την έξοδο της ενέργειας προς τα άλλα τμήματα του συστήματος. Οι πληθυσμοί με βάση αυτή τη θεώρηση αντιμετωπίζονται ως μετασχηματιστές ενέργειας. Αυτή την οπτική θα επιδιώξει να αναλύσει ένα από τα κεφάλαια αυτού του βιβλίου. Επιπρόσθετα σημαντικό τμήμα του βιβλίου θα επικεντρωθεί στη θεωρία των ισορροπημένων (κλασική θεώρηση ισορροπίας της φύσης) και μη ισορροπημένων βιοκοινοτήτων δίνοντας ιδιαίτερη έμφαση στους μηχανισμούς που οργανώνουν και διασφαλίζουν την ύπαρξη των μη ισορροπημένων κοινοτήτων στο χρόνο. Περαιτέρω θα αναλυθεί η έννοια και τα χαρακτηριστικά της διαταραχής καθώς και η απόκριση (ανθεκτικότητα, επανάκαμψη) των βιοκοινοτήτων στις διαταραχές. Εδώ εμπλέκεται και η έννοια της μεταπληθυσμιακής δομής η οποία και θα αναλυθεί διεξοδικά. Τέλος θα συζητηθεί και θα αναλυθεί το φαινόμενο της πρωτογενούς και δευτερογενούς διαδοχής αντλώντας παραδείγματα από το χώρο των εδαφικών βιοκοινοτήτων.</subfield>
  </datafield>
  <datafield tag="650" ind1=" " ind2="0">
   <subfield code="a">Ecology</subfield>
   <subfield code="8">2823</subfield>
  </datafield>
  <datafield tag="650" ind1=" " ind2="0">
   <subfield code="a">Landscape ecology.</subfield>
   <subfield code="8">2824</subfield>
  </datafield>
  <datafield tag="653" ind1=" " ind2=" ">
   <subfield code="a">Οικολογία τοπίου</subfield>
  </datafield>
  <datafield tag="653" ind1=" " ind2=" ">
   <subfield code="a">Ανθεκτικότητα, ελαστικότητα, ισορροπία</subfield>
  </datafield>
  <datafield tag="653" ind1=" " ind2=" ">
   <subfield code="a">Οικολογική διαδοχή</subfield>
  </datafield>
  <datafield tag="653" ind1=" " ind2=" ">
   <subfield code="a">Επιλογή ενδιαιτήματος</subfield>
  </datafield>
  <datafield tag="653" ind1=" " ind2=" ">
   <subfield code="a">Τροφικές σχέσεις</subfield>
  </datafield>
  <datafield tag="653" ind1=" " ind2=" ">
   <subfield code="a">Επιστήμες της ζωής</subfield>
   <subfield code="a">Λειτουργική και οργανισμικη βιολογία</subfield>
   <subfield code="a">Οικολογία</subfield>
   <subfield code="a">Οικολογικά μοντέλα</subfield>
  </datafield>
  <datafield tag="653" ind1=" " ind2=" ">
   <subfield code="a">Επιστήμες της ζωής</subfield>
   <subfield code="a">Λειτουργική και οργανισμικη βιολογία</subfield>
   <subfield code="a">Οικολογία</subfield>
   <subfield code="a">Λειτουργική οικολογία</subfield>
  </datafield>
  <datafield tag="653" ind1=" " ind2=" ">
   <subfield code="a">Επιστήμες της ζωής</subfield>
   <subfield code="a">Λειτουργική και οργανισμικη βιολογία</subfield>
   <subfield code="a">Οικολογία</subfield>
   <subfield code="a">Θεωρητική οικολογία</subfield>
  </datafield>
  <datafield tag="653" ind1=" " ind2=" ">
   <subfield code="a">Επιστήμες της ζωής</subfield>
   <subfield code="a">Λειτουργική και οργανισμικη βιολογία</subfield>
   <subfield code="a">Οικολογία</subfield>
   <subfield code="a">Πληθυσμοί,  βιοκοινότητες,  οικοσυστήματα</subfield>
  </datafield>
  <datafield tag="700" ind1="1" ind2=" ">
   <subfield code="a">Παπαθεοδώρου, Ευφημία</subfield>
   <subfield code="e">Συγγραφέας</subfield>
   <subfield code="8">839</subfield>
  </datafield>
  <datafield tag="700" ind1="1" ind2=" ">
   <subfield code="a">Δημητρακόπουλος, Παναγιώτης</subfield>
   <subfield code="e">Κριτικός αναγνώστης</subfield>
   <subfield code="8">840</subfield>
  </datafield>
  <datafield tag="856" ind1="4" ind2="0">
   <subfield code="u">http://hdl.handle.net/11419/4388</subfield>
   <subfield code="z">Πλήρες Κείμενο - Full text</subfield>
  </datafield>
  <datafield tag="907" ind1=" " ind2=" ">
   <subfield code="a">.b25680341</subfield>
   <subfield code="b">12-06-18</subfield>
   <subfield code="c">29-07-16</subfield>
  </datafield>
  <datafield tag="949" ind1=" " ind2=" ">
   <subfield code="0">0</subfield>
   <subfield code="1">0</subfield>
   <subfield code="2">ddc</subfield>
   <subfield code="4">0</subfield>
   <subfield code="6">578_770000000000000_ΣΤΑ</subfield>
   <subfield code="7">0</subfield>
   <subfield code="8">KALL</subfield>
   <subfield code="8">793</subfield>
   <subfield code="d">2016-04-13</subfield>
   <subfield code="r">2016-04-13</subfield>
   <subfield code="w">2016-04-13</subfield>
   <subfield code="z">578.77 ΣΤΑ</subfield>
   <subfield code="o">SEAB KALLIPOS</subfield>
  </datafield>
  <datafield tag="998" ind1=" " ind2=" ">
   <subfield code="a">80</subfield>
   <subfield code="a">01</subfield>
   <subfield code="a">02</subfield>
   <subfield code="a">03</subfield>
   <subfield code="a">04</subfield>
   <subfield code="a">05</subfield>
   <subfield code="a">06</subfield>
   <subfield code="a">07</subfield>
   <subfield code="a">08</subfield>
   <subfield code="a">09</subfield>
   <subfield code="a">10</subfield>
   <subfield code="a">11</subfield>
   <subfield code="a">12</subfield>
   <subfield code="a">13</subfield>
   <subfield code="a">14</subfield>
   <subfield code="a">15</subfield>
   <subfield code="a">16</subfield>
   <subfield code="a">17</subfield>
   <subfield code="a">18</subfield>
   <subfield code="a">19</subfield>
   <subfield code="a">20</subfield>
   <subfield code="a">21</subfield>
   <subfield code="a">22</subfield>
   <subfield code="a">23</subfield>
   <subfield code="a">24</subfield>
   <subfield code="a">25</subfield>
   <subfield code="a">26</subfield>
   <subfield code="b">16-05-17</subfield>
   <subfield code="c">m</subfield>
   <subfield code="d">z  </subfield>
   <subfield code="e">-</subfield>
   <subfield code="f">gre</subfield>
   <subfield code="g">gr </subfield>
   <subfield code="h">0</subfield>
  </datafield>
  <datafield tag="942" ind1=" " ind2=" ">
   <subfield code="2">ddc</subfield>
   <subfield code="c">KALLIPOS</subfield>
  </datafield>
 </record>
</collection>
